000 00433nam a2200181Ia 4500
008 230524s9999 xx 000 0 und d
020 _a9788183712880
082 _a621.382
_bBAB
100 _aP.Ramesh Babu
245 0 _aSignals and Systems
250 _a1ST
260 _aCHENNAI
_bScitech
_c2005
300 _a11.11
500 _aQuantity Number: 13
650 _aElectronics
700 _a R.Anand Natarajan
942 _cBK
999 _c23785
_d23785